| 000 | 00951nam a2200253 i 4500 | ||
|---|---|---|---|
| 001 | 12256 | ||
| 003 | ES-MaACL | ||
| 005 | 20240207200828.0 | ||
| 007 | t| | ||
| 008 | 960621s1995 sp ||||0| spa j | ||
| 020 | _a84-605-4488-5 | ||
| 040 |
_aM-BN _bspa _cM-BN |
||
| 080 | _a860 Cervantes Saavedra, Miguel de 7 Don Quijote de la Mancha.06(063) | ||
| 110 | 2 |
_aAsociación Caminos de Cervantes y Sefarad. _bCongreso Internacional ( _n2º. _d1994. _cZamora, etc) _91513 |
|
| 245 | 1 | 4 |
_aLos caminos de Cervantes y Sefarad _b: actas del II Congreso Internacional. |
| 260 |
_a[Zamora : _bVicente Díez García], _cD.L. 1995. |
||
| 300 |
_a259 p ; _c24 cm. |
||
| 500 | _aTextos en español y portugués. | ||
| 504 | _aBibliografía. | ||
| 600 | 1 | 4 |
_aCervantes Saavedra, Miguel de, _d1547-1616. _tDon Quijote de la Mancha- _vCongresos y asambleas _937617 |
| 852 |
_aES-MaACL _jL-19646 _bR.124963 |
||
| 999 |
_c12256 _d12256 |
||